Statistics for Candy InFACTuation!

Click here to take the quiz!

General Stats

  • This quiz has been taken 9 times
  • The average score is 9 of 15

Answer Stats

QuestionAnswer% Correct
What candy bar has a similar name to a baseball player, even though it wasn't named after him?Baby Ruth
89%
According to rumors, what takes seven years to pass through your digestive system if swallowed?Chewing Gum
89%
What small candies are shaped like the fruits they taste like?Runts
89%
If your are tasting the rainbow, what are candy are you be eating?Skittles
89%
Which of these candies was named after a popular dance in the early 1900's?Charleston Chew
78%
What were the four original flavors of Life Savers as introduced in 1921?Grape, orange, lemon and lime
67%
Which of these candies was originally made via repurposed gunpowder pellet machines?Smarties
67%
What candy bar was originally packaged to include three separate pieces of candy flavored vanilla, chocolate, and strawberry?3 Musketeers
56%
What candy bar was named after its inventor's family horse?Snickers
56%
The first chewing gum in the United States was made of what?Tree Sap
56%
Where are Hershey's kisses thought to get their name?The chocolate makes a kiss sound during the manufacturing process
33%
Jelly beans were first advertised as a good treat to send soldiers during which war?The Civil War
33%
This candy was used as part of World War II rations.Tootsie Rolls
33%
As of 2014, how many official flavors are there of Jelly Belly jelly beans?50 official flavors
11%
What are the colors on a standard piece of candy corn, from the wide end to the narrow end?Yellow Orange White
11%

Score Distribution

Percentile by Number Answered

Percent of People with Each Score

Your Score History

You have not taken this quiz